000 00792nam a2200277Ia 4500
001 21945
005 20260320113327.0
008 260320s9999||||xx |||||||||||||| ||und||
020 _a9786124496219
041 _aESP
082 _a918.5
_bR68
100 _aRiva-Agüero, José de la,
_e
245 0 _aPaisajes peruanos
_b
246 _a
_5
_b
250 _aPrimera edición
260 _aLima :
_bPontificia Universwidad Católica del Perú,
_c2024
300 _a470 páginas :
_b
_c23 cm.
_e
440 _a
_n
_v
500 _aEdición conmemorativa
650 _aGEH
653 _aPaisajes; Perú
654 _aCHU
700 _a
_c
856 _uhttps://research-ebsco-com.ucsp.lookproxy.com/c/qxo6us/search
_zVéase además: Base de datos EBSCOhost
942 _cLIB
_dJUS
_fMIP
_2ddc
_n
999 _c21945
_d21945